000 00706nam a2200229 a 4500
005 20260322212020.0
008 data
010 _a2002027688
020 _a1585620610
020 _a9781585620616
040 _aAmerican Psychiatric Publishing
096 _aWM 400 K35f 2003
100 1 _aKennedy, James A.,
_d1946-
245 1 0 _aFundamentals of psychiatric treatment planning
_cby James A. Kennedy.
250 _a2nd edit.
260 _aWashington, DC
_bAmerican Psychiatric Publishing
_cc2003
300 _a1 v. (various pagings) :
_b forms ;
_c 29 cm.
500 _aIncludes bibliographical references and index.
650 0 2 _aMental Disorders
_xtherapy
650 0 2 _aPatient Care Planning
001 data
999 _c440
_d440